Państwa graniczące z Karpatami - Statystyki

Ogólne statystyki
  • Ten quiz został rozwiązany 23 razy
  • Średni wynik to 8 z 8
Statystyki odpowiedzi
% Odpowiedż % Poprawnych
0,5% Austria
100%
8,5% Czechy
100%
6,3% Polska
100%
0,4% Serbia
100%
71,7% Słowacja
100%
3,6% Ukraina
100%
8,3% Węgry
100%
47,4% Rumunia
95%
Nie znaleziono quizów pasujących do podanych kryteriów
Rozkład punktacji
Procent ludzi z każdym wynikiem
Percentyl według liczby udzielonych odpowiedzi
Twoja historia wyników
Nie rozwiązałeś tego quizu